| 000 | 00669nam a22001817a 4500 | ||
|---|---|---|---|
| 008 | 160920b xxu||||| |||| 00| 0 eng d | ||
| 020 | _a0534928978 | ||
| 050 |
_aHF 5721 _b.H5 1992 |
||
| 100 | _aHimstreet, William C. | ||
| 245 |
_aBusiness Communication/ _cWilliam C. HImstreet, Wayne Murlin Baty and Carol M .lehman |
||
| 250 | _a10th ed. | ||
| 260 |
_aBelmont: _bWadsworth publishing company; _c1992. |
||
| 300 |
_axxxi,791p. :ill. ; _bIncludes bibliographical references and index |
||
| 650 | _aCommercial correspodences. | ||
| 650 | _aBusiness report writting . | ||
| 650 | _aBusiness communication. | ||
| 942 |
_2lcc _cBOOKS _hHF 5721 .H5 1992 |
||
| 999 |
_c13852 _d13852 |
||